000 00828nam a2200205Ia 4500
001 17992
003 GE_BSU
008 181216s||||||||xx |||||||||||||| ||und||
040 _cGE_BSU
080 _a82-93:821.353.1-1 + 82-93:821.353.1-11
100 _aმღვიმელი,შიო
245 _aლექსები, პოემები
245 _cწინასიტყვ. და ლექსიკონი დაურთო ბ. ბარდაველიძემსარედ.კოლ.მინდია არაბული და სხვ.მხატვ.გურამ ღლონტი
260 _aთბილისი
260 _bნაკადული
260 _c1973
300 _a281გვ. ; 21სმ
653 _aლექსები, პოემები
942 _cBK
999 _c51035
_d51035